Sports Quiz

Random Sports or Clickable Quiz

NFL MVPs (Clickable) Quiz Stats

 Plays Quiz not verified by Sporcle

Challenge
Share
Tweet
Embed
Score 0/25 Timer 05:00
0 Plays Today
% Correct
Brett Favre
96.2%
Joe Montana
95.2%
Aaron Rodgers
94%
Peyton Manning
92.9%
Tom Brady
90.3%
John Elway
90.3%
LaDainian Tomlinson
89.9%
Marshall Faulk
89.8%
Barry Sanders
88.6%
Steve Young
84.5%
Jim Brown
82.4%
Johnny Unitas
81.7%
O.J. Simpson
80.8%
% Correct
Walter Payton
79%
Shaun Alexander
75.5%
Lawrence Taylor
74.9%
Earl Campbell
69.9%
Marcus Allen
65.5%
Rich Gannon
65.4%
Boomer Esiason
46.7%
Y.A. Tittle
44.3%
Ken Stabler
42%
Paul Hornung
38.3%
Norm Van Brocklin
36.9%
Roman Gabriel
24.7%

You're not logged in!

Compare scores with friends on all Sporcle quizzes.
Join for Free
OR
Log In

You Might Also Like...

Show Comments

Extras

Top Quizzes Today


Score Distribution

Your Account Isn't Verified!

In order to create a playlist on Sporcle, you need to verify the email address you used during registration. Go to your Sporcle Settings to finish the process.

Report this User

Report this user for behavior that violates our Community Guidelines.

Details: